| 000 | 01091nam a22003377a 4500 | ||
|---|---|---|---|
| 003 | CHAP | ||
| 005 | 20220329143441.0 | ||
| 008 | 091007s1968 mx a r 00010 spa d | ||
| 010 | _a96837 | ||
| 011 | _a97809 | ||
| 035 | _a108480 | ||
| 040 | _cCHAP | ||
| 082 | 0 | 4 |
_a574.873282 _bF85 |
| 100 | 1 |
_aFrankel, Edward _943027 |
|
| 245 | 1 | 0 |
_aDNA : _bel proceso de la vida _c/por Edward Frankel |
| 260 |
_aMéxico, DF. : _bSiglo XXI, _c1968 |
||
| 300 |
_a126 p. : _bilus. |
||
| 490 | 0 |
_aColección mínima _v; 10 |
|
| 534 |
_pTít. original : _tDNA, ladder of life. _cNY : McGraw Hill, 1967. _b3 ed. |
||
| 590 |
_aBATCH-UPD _b10 _c20130110 _lUCH01 _h1817 |
||
| 590 |
_aBATCH-UPD _b10 _c20130410 _lUCH01 _h1151 |
||
| 590 |
_aBATCH-UPD _b10 _c20130914 _lUCH01 _h0305 |
||
| 590 |
_aCONVERSION _b10 _c20130109 _lUCH01 _h1353 |
||
| 650 | 1 | 4 |
_aAcidos nucléicos. _9603 |
| 650 | 1 | 4 |
_aBioquímica. _912849 |
| 650 | 1 | 4 |
_aGenética. _947469 |
| 830 | 0 |
_aColección mínima _v; 10 _924935 |
|
| 901 | _aBK | ||
| 942 | _cLIBRO | ||
| 949 |
_a574.873282 F85 _bBC _cLIBRO _d33724002122710 _eLIBRO _gI.c/e _h111051 _i108480 _sb |
||
| 999 |
_c96837 _d96837 |
||